000 00303nam a2200109Ia 4500
008 171204s9999 xx 000 0 und d
245 _aiPhone For Seniors For Dummies:
245 _cNancy C. Muir
260 _c2016
650 _xMobile Technology
856 _uhttp://down.ebook777.com/035/1119293480.pdf
999 _c347223
_d347223